| 000 | 00478nam a2200169Ia 4500 | ||
|---|---|---|---|
| 008 | 140529s9999 xx 000 0 und d | ||
| 020 | _a9781845206116 | ||
| 050 |
_aN 6497 _b.V5713 2007 |
||
| 100 | _aVirilio, Paul. | ||
| 245 |
_aArt as far as the eye can see / _cPaul Virilio ; translated by Julie Rose |
||
| 260 |
_aNew York : _bBerg, _cc2007. |
||
| 300 |
_a127 p. ; _c19 cm. |
||
| 521 | _aGE | ||
| 650 | _aArt and popular culture. | ||
| 942 |
_kFOR _cBK |
||
| 999 |
_c117684 _d117684 |
||